[Event "COL-ch U18 m sf1"]
[Site "Medellin"]
[Date "2016.04.23"]
[Round "4.3"]
[White "Jinete Morales, Jossie Jose"]
[Black "Zapata Arbelaes, Estiven"]
[Result "0-1"]
[WhiteElo "1601"]
[BlackElo "2102"]
[PlyCount "60"]
[EventDate "2016.04.21"]
[EventType "swiss"]
[EventRounds "5"]
[EventCountry "COL"]
[SourceTitle "EXT 2024"]
[Source "ChessBase"]
[SourceDate "2023.10.10"]
[SourceVersion "1"]
[SourceVersionDate "2023.10.10"]
[SourceQuality "1"]

1. d4 d5 2. c4 c6 3. e3 Nf6 4. Nc3 e6 5. Nf3 Nbd7 6. c5 Qc7 7. b4 e5 8. b5 e4 9. Nd2 g6 10. Qa4 Bh6 11. Nb3 0-0 12. Na5 Nb8 13. Rb1 Nfd7 14. Nb3 Nf6 15. b6 Qe7 16. Qxa7 Rxa7 17. bxa7 Nbd7 18. a8Q Nh5 19. Na5 f5 20. Ne2 f4 21. exf4 e3 22. Bxe3 Nxf4 23. Nxf4 Bxf4 24. Rb3 Nxc5 25. dxc5 Qe5 26. Bd3 d4 27. 0-0 dxe3 28. Nc4 Bxh2+ 29. Kh1 Qh5 30. g3 Bxg3+ 0-1

[Event "COL-ch U18 m sf1"]
[Site "Medellin"]
[Date "2016.04.22"]
[Round "2.3"]
[White "Salcedo Perez, Pablo Esteban"]
[Black "Jinete Morales, Jossie Jose"]
[Result "1-0"]
[WhiteElo "1990"]
[BlackElo "1601"]
[PlyCount "43"]
[EventDate "2016.04.21"]
[EventType "swiss"]
[EventRounds "5"]
[EventCountry "COL"]
[SourceTitle "EXT 2024"]
[Source "ChessBase"]
[SourceDate "2023.10.10"]
[SourceVersion "1"]
[SourceVersionDate "2023.10.10"]
[SourceQuality "1"]

1. d4 Nf6 2. c4 d5 3. Nc3 Nc6 4. cxd5 Nxd5 5. e4 Nf6 6. d5 Ne5 7. f4 Ng6 8. e5 Ng8 9. Nf3 e6 10. Bb5+ Bd7 11. dxe6 Bxb5 12. exf7+ Kxf7 13. Qb3+ Bc4 14. Qxc4+ Ke8 15. 0-0 c6 16. Be3 Nh6 17. Rad1 Qc7 18. Nb5 Qf7 19. Qd3 a6 20. Ng5 Qf5 21. Nc7+ Ke7 22. Bc5# 1-0

[Event "North Region-ch U10 integrada"]
[Site "Maicao"]
[Date "2015.03.07"]
[Round "3.2"]
[White "Martinez Marrugo, William Andres"]
[Black "Jinete Morales, Jossie Jose"]
[Result "0-1"]
[WhiteElo "1615"]
[BlackElo "1569"]
[PlyCount "70"]
[EventDate "2015.03.06"]
[EventType "swiss"]
[EventRounds "6"]
[EventCountry "COL"]
[SourceTitle "EXT 2024"]
[Source "ChessBase"]
[SourceDate "2023.10.10"]
[SourceVersion "1"]
[SourceVersionDate "2023.10.10"]
[SourceQuality "1"]

1. e4 c6 2. Nf3 d5 3. Nc3 Bg4 4. exd5 cxd5 5. Bb5+ Nc6 6. h3 Bxf3 7. Qxf3 e6 8. d4 a6 9. Bxc6+ bxc6 10. Bd2 Qb6 11. Qf4 Nf6 12. 0-0 Be7 13. Na4 Qb5 14. Nc3 Qxb2 15. Rab1 Qxc2 16. Rb8+ Rxb8 17. Qxb8+ Bd8 18. Nb1 0-0 19. Qg3 Ne4 20. Qe3 Nxd2 21. Qxd2 Qxd2 22. Nxd2 Bf6 23. Rc1 Rc8 24. Nb3 Kf8 25. f4 Ke7 26. Kf2 Kd6 27. Ke3 Bd8 28. Nc5 Bb6 29. Nxa6 Ra8 30. Nb4 c5 31. Nc2 Rxa2 32. Kd3 cxd4 33. Nxd4 Bxd4 34. Kxd4 Rxg2 35. Ra1 Ke7 0-1